00152 a2200073 450000100060000010000130000624500250001926000340004427336 aAhmed, S aLaw and constitution abCultural Heritage Servicec